Approximate methods for weapon aerodynamics / (Record no. 593890)

000 -LEADER
fixed length control field 01421cam a2200361 a 4500
001 - CONTROL NUMBER
control field 13604231
005 - DATE AND TIME OF LATEST TRANSACTION
control field 20230320162634.0
008 - FIXED-LENGTH DATA ELEMENTS--GENERAL INFORMATION
fixed length control field 040524s2000 vaua b 001 0 eng c
010 ## - LIBRARY OF CONGRESS CONTROL NUMBER
LC control number 2004272862
015 ## - NATIONAL BIBLIOGRAPHY NUMBER
National bibliography number GBA0-66438
020 ## - INTERNATIONAL STANDARD BOOK NUMBER
International Standard Book Number 1563473992
035 ## - SYSTEM CONTROL NUMBER
System control number (OCoLC)ocm44873576
040 ## - CATALOGING SOURCE
Original cataloging agency NAT
Transcribing agency NAT
Modifying agency IQU
-- UIU
-- UKM
-- LVB
-- DLC
042 ## - AUTHENTICATION CODE
Authentication code pcc
050 00 - LIBRARY OF CONGRESS CALL NUMBER
Classification number TL507
Item number .P75 vol. 186
082 00 - DEWEY DECIMAL CLASSIFICATION NUMBER
Classification number 629.1 s
-- 629.1
Edition number 22
Author Mark MOO
100 1# - MAIN ENTRY--PERSONAL NAME
Personal name Moore, Frank G.
Fuller form of name (Frankie Gale),
Dates associated with a name 1944-
9 (RLIN) 110714
245 10 - TITLE STATEMENT
Title Approximate methods for weapon aerodynamics /
Statement of responsibility, etc. Frank G. Moore.
246 30 - VARYING FORM OF TITLE
Title proper/short title Weapon aerodynamics
260 ## - PUBLICATION, DISTRIBUTION, ETC.
Place of publication, distribution, etc. Reston, VA :
Name of publisher, distributor, etc. American Institute of Aeronautics and Astronautics,
Date of publication, distribution, etc. c2000.
300 ## - PHYSICAL DESCRIPTION
Extent xi, 464 p. :
Other physical details ill. ;
Dimensions 24 cm.
440 #0 - SERIES STATEMENT/ADDED ENTRY--TITLE
Title Progress in astronautics and aeronautics ;
Volume/sequential designation v. 186
9 (RLIN) 82743
504 ## - BIBLIOGRAPHY, ETC. NOTE
Bibliography, etc. note Includes bibliographical references and index.
650 #0 - SUBJECT ADDED ENTRY--TOPICAL TERM
Topical term or geographic name entry element Projectiles, Aerial
General subdivision Aerodynamics
-- Mathematics.
9 (RLIN) 110715
650 #0 - SUBJECT ADDED ENTRY--TOPICAL TERM
Topical term or geographic name entry element Ballistic missiles
General subdivision Aerodynamics
-- Mathematics.
9 (RLIN) 110716
650 #0 - SUBJECT ADDED ENTRY--TOPICAL TERM
Topical term or geographic name entry element Aerodynamics
General subdivision Mathematics.
9 (RLIN) 1707
650 #6 - SUBJECT ADDED ENTRY--TOPICAL TERM
Topical term or geographic name entry element Projectiles
General subdivision Aérodynamique
-- Mathématiques.
9 (RLIN) 110717
650 #6 - SUBJECT ADDED ENTRY--TOPICAL TERM
Topical term or geographic name entry element Missiles balistiques
General subdivision Aérodynamique
-- Mathématiques.
9 (RLIN) 110718
650 #6 - SUBJECT ADDED ENTRY--TOPICAL TERM
Topical term or geographic name entry element Aérodynamique
General subdivision Mathématiques.
9 (RLIN) 110719
906 ## - LOCAL DATA ELEMENT F, LDF (RLIN)
a 7
b cbc
c pccadap
d 2
e ncip
f 20
g y-gencatlg
942 ## - ADDED ENTRY ELEMENTS (KOHA)
Source of classification or shelving scheme
Koha item type Book
Holdings
Withdrawn status Lost status Source of classification or shelving scheme Damaged status Not for loan Permanent Location Current Location Shelving location Date acquired Full call number Barcode Date last seen Price effective from Koha item type
          School of Mechanical & Manufacturing Engineering (SMME) School of Mechanical & Manufacturing Engineering (SMME) Aerospace Engineering 03/20/2023 629.1 MOO SMME-4300 03/20/2023 03/20/2023 Book
© 2023 Central Library, National University of Sciences and Technology. All Rights Reserved.